000 00671nam a2200217Ia 4500
003 OSt
005 20251222115853.0
008 221004b |||||||| |||| 00| 0 eng d
020 _a9788175416185
037 _cTB
040 _aCRL
_cCRL
_beng
041 _2eng
_aeng
084 _aV44Q7:19491.P1 Q3
_qAL
100 _aSingh Sudhir Kumar
_9611848
245 0 _aPakhtunistan
_ba factor between Pakistan and Afghanistan
260 _aNew Delhi,India:
_bShipra India,
_c2013.
300 _a204p.
_ccm.
650 _aHISTORY
_9858455
942 _hV44Q7:19471.P1, Q3
_cTB
_2cc
_n0
999 _c989240
_d989240